LINQ Programming. (Record no. 1937)

MARC details
005 - DATE AND TIME OF LATEST TRANSACTION
control field 20250516061930.0
020 ## - INTERNATIONAL STANDARD BOOK NUMBER
International Standard Book Number 978-0-07-159783-8
082 ## - DEWEY DECIMAL CLASSIFICATION NUMBER
Classification number LECT 005.1 MAY
100 ## - MAIN ENTRY--PERSONAL NAME
Author name MAYO, J.
245 ## - TITLE STATEMENT
Title LINQ Programming.
260 ## - PUBLICATION, DISTRIBUTION, ETC.
Place of publication, distribution, etc. London,
Name of publisher, distributor, etc. McGraw-Hill,
Date of publication, distribution, etc. 2009.
300 ## - PHYSICAL DESCRIPTION
Extent xxiv, 360p.: ill.; figures, pictures, tables.
Other physical details Index,
Dimensions 23cm,
700 ## - ADDED ENTRY--PERSONAL NAME
Other authors/Editors CHARLIE, C.
942 ## - ADDED ENTRY ELEMENTS (KOHA)
Source of classification or shelving scheme Dewey Decimal Classification
Koha item type Books
Holdings
Date last seen Total checkouts Full call number Barcode Price effective from Koha item type Lost status Source of classification or shelving scheme Damaged status Not for loan Withdrawn status Home library Current library Shelving location Date acquired Cost, normal purchase price
05/05/2025   LECT 005.1 MAY 0000007492 05/05/2025 Books   Dewey Decimal Classification       College of Business Education Main Library College of Business Education Main Library General Collection 05/26/2011 74985.00
05/05/2025   LECT 005.1 MAY 0000007493 05/05/2025 Books   Dewey Decimal Classification       College of Business Education Main Library College of Business Education Main Library General Collection 05/26/2011 74985.00
05/05/2025   LECT 005.1 MAY 0000007494 05/05/2025 Books   Dewey Decimal Classification       College of Business Education Main Library College of Business Education Main Library General Collection 05/26/2011 74985.00
05/05/2025   LECT 005.1 MAY 0000007495 05/05/2025 Books   Dewey Decimal Classification       College of Business Education Main Library College of Business Education Main Library General Collection 05/26/2011 74985.00
05/05/2025   LECT 005.1 MAY 0000007496 05/05/2025 Books   Dewey Decimal Classification       College of Business Education Main Library College of Business Education Main Library General Collection 05/26/2011 74985.00